Solid State Chemistry 2008 medzinárodná konferencia

Bibliographic Details
Main Author: Drábik, Milan, 1954- (Author)
Format: Article
Language:Slovak
English
Subjects:

MARC

LEADER 00000nab a2200000 ar4500
001 vtls009520500
003 SK-MaSNL
005 20260304212435.0
008 090602c2008 xo |||||||||||000 b|slo
015 |a SNBRB2009/06  |2 snkbucl 
038 |a SNKBUCL 
040 |a SNKBUCL  |b slo  |c SNKBUCL  |e AACR2 
041 0 |a slo  |a eng 
044 |a xo  |c SK 
080 |a 544.2:061.3  |2 2001 
100 1 |a Drábik, Milan,  |d 1954-  |4 aut  |9 48909 
245 1 0 |a Solid State Chemistry 2008  |b medzinárodná konferencia  |c M. Drábik 
611 2 7 |a Solid state chemistry  |n (8. :  |d 2008 :  |c Bratislava, Slovensko)  |2 snkbucl  |9 1544446 
650 0 7 |a chémia tuhých látok  |2 snkbucl  |9 1377954 
773 0 |t ChemZi  |g Roč. 4, č. 8 (2008), s. 75  |x 1336-7242 
852 |a SNK  |b KIS3GCP 
958 |a SK 
999 |c 3131321  |d 3133251